Catálogo

ANUARIO 2008 LOS TEMAS Y SUS PROTAGONISTAS (Registro nro. 54701)

Detalles MARC
000 -LEADER
fixed length control field 00775nam a2200181 a 4500
001 - CONTROL NUMBER
control field 54701
005 - DATE AND TIME OF LATEST TRANSACTION
control field 20180714045657.0
008 - FIXED-LENGTH DATA ELEMENTS--GENERAL INFORMATION
fixed length control field 140415s2008 sp 000 0 spa d
020 ## - INTERNATIONAL STANDARD BOOK NUMBER
International Standard Book Number 9788496943414
041 ## - LANGUAGE CODE
Language code of text/sound track or separate title spa
082 ## - DEWEY DECIMAL CLASSIFICATION NUMBER
Classification number 036.106
Item number ANU
245 00 - TITLE STATEMENT
Title ANUARIO 2008 LOS TEMAS Y SUS PROTAGONISTAS
250 ## - EDITION STATEMENT
Edition statement 1a ed.
260 ## - PUBLICATION, DISTRIBUTION, ETC.
Place of publication, distribution, etc. ESPAÑA :
Name of publisher, distributor, etc. EDP EDITORES, S. L.,,
Date of publication, distribution, etc. 2008
300 ## - PHYSICAL DESCRIPTION
Extent 446
Dimensions 24 x 20.4 x 30
520 ## - SUMMARY, ETC.
Summary, etc. COMO CADA AÑO, EL EQUIPO EDITORIAL ACUDE PUNTUALMENTE A SU CITA CON LOS LECTORES PARA PRESENTARLES LOS TEMAS Y LOS PROTAGONISTAS DEL AÑO EN DOS VOLUMENES MAGNIFICAMENTE ENCUADERNADOS, QUE EN SUS 480 PAGINAS EXPLICAN CON TODO RIGOR EL TRASFONDO DE LO OCURRIDO DURANTE 2008, MAS ALLA DE LA NOTICIA PUNTUAL
650 14 - SUBJECT ADDED ENTRY--TOPICAL TERM
Topical term or geographic name entry element ANUARIOS
Existencias
Withdrawn status Lost status Source of classification or shelving scheme Damaged status Not for loan Collection code Home library Current library Shelving location Date acquired Source of acquisition Inventory number Total Checkouts Full call number Barcode Date last seen Price effective from Koha item type
    Dewey Decimal Classification     Referencia Biblioteca Karol Wojtyla Biblioteca Karol Wojtyla Área de silencio 03/12/2013 Compra 151000000000000000071845   '036.106 ANU 82000 05/01/2026 03/12/2013 Libro R
    Dewey Decimal Classification     Referencia Biblioteca Karol Wojtyla Biblioteca Karol Wojtyla Área de silencio 03/12/2013 Compra 151000000000000000071846   '036.106 ANU 82001 05/01/2026 03/12/2013 Libro R